5HLuxD.jpg

KING HENRY VIII SENIOR AND PRIMARY SCHOOL LIBRARY OPAC

Chemistry at home : (Record no. 475)

000 -LEADER
fixed length control field 00619nam a22001817a 4500
005 - DATE AND TIME OF LATEST TRANSACTION
control field 20190815151314.0
008 - FIXED-LENGTH DATA ELEMENTS--GENERAL INFORMATION
fixed length control field 190815b ||||| |||| 00| 0 eng d
020 ## - INTERNATIONAL STANDARD BOOK NUMBER
International Standard Book Number 9781849739405
040 ## - CATALOGING SOURCE
Transcribing agency KH8
082 ## - DEWEY DECIMAL CLASSIFICATION NUMBER
Classification number 540.2 EMS
100 ## - MAIN ENTRY--PERSONAL NAME
Personal name Emsley, John
245 ## - TITLE STATEMENT
Title Chemistry at home :
Remainder of title exploring the ingredients in everyday products /
Statement of responsibility, etc. John Emsley.
260 ## - PUBLICATION, DISTRIBUTION, ETC.
Place of publication, distribution, etc. Cambridge :
Name of publisher, distributor, etc. Royal Society of Chemistry,
Date of publication, distribution, etc. [2015].
300 ## - PHYSICAL DESCRIPTION
Extent xxxii, 395 pages :
Other physical details illustrations ;
Dimensions 23 cm.
500 ## - GENERAL NOTE
General note Formerly CIP. <br/><br/>Includes bibliographical references and index.
650 ## - SUBJECT ADDED ENTRY--TOPICAL TERM
Topical term or geographic name entry element Chemistry
Form subdivision Miscellanea
942 ## - ADDED ENTRY ELEMENTS (KOHA)
Source of classification or shelving scheme
Koha item type Books - Non Ficton
Holdings
Withdrawn status Lost status Source of classification or shelving scheme Damaged status Not for loan Collection code Permanent Location Current Location Shelving location Date acquired Total Checkouts Total Renewals Full call number Barcode Date last seen Date last checked out Price effective from Koha item type
          Non-Fiction KH8 Senior School Library KH8 Senior School Library Non Fiction 2019-08-15 1 1 540.2 EMS 3KHSL000100054 2021-11-05 2021-03-16 2019-08-15 Books - Non Ficton

Powered By KH8 IT Dept